000 00581nam a2200157Ia 4500
003 GCL
008 140319s9999 xx 000 0 ara d
040 _aGCL /
_cGCL
082 0 4 _aق
_b962.054
_bم ع
100 1 _aمحسن محمد
245 1 0 _aعندما يموت الملك : صفحات من تاريخ مصر بالوثائق البريطانية والاميريكية /
_cمحسن محمد
490 _aكتاب التعاون
_v0
650 0 4 _aالوثائق القانونية
650 0 4 _aمصر - تاريخ - العصر الحديث (1805 - 1956 )
942 _2ddc
_cBK
999 _c43291
_d43291